00661nam a2200217Ia 4500003000900000008004100009020001800050040001600068080001300084100002300097245012100120260004800241300001600289650000900305650002600314650002600340650001400366650001900380700002000399700002400419IN-BaIIA211028s9999 xx 000 0 eng d a0-521-30429-6 cIIA Library a531bOLE aOlenick, Richard P 4aThe mechanical universebintroduction to mechanics and heatcRichard P Olenick, Tom M Apostol and David L Goodstein aCambridgebCambridge University Pressc1985 axvii, 584p. aHeat aMechanical properties aMechanical resolution aMechanics aNASA Thesaurus aApostol, Tom M. aGoodstein, David L.